• 首页
  • 本馆介绍
  • 公告通知
  • 最新文献
  • 馆藏检索
  • 电子资源
  • 读者导购
  • 参考咨询
  • 我的图书馆
  • 登录
  • 详细信息显示
  • 放入我的书架
  • 预约/预借图书
  • 作者相关作品
  • 分类相关作品
  • 丛书相关作品
  • 出版社相关作品

书目信息

  • 表格格式
  • 工作单格式
  • 卡片格式
题名:
遗传与优生
    
 
作者: 黄占景 主编
分册:  
出版信息: 石家庄   河北科学技术出版社  2000
页数: 205页
开本: 26cm
丛书名:
单 册:
中图分类: R363.1
科图分类:
主题词: 优生学 , 人类遗传学
电子资源:
ISBN: 7-5375-2318-5
000 00656nam0 2200229 45
001 0188009109
005 20070727151236.43
010    @a7-5375-2318-5@dCNY18.00
100    @a19910415d2000 m y0chiy0120 ea
101 0  @achi
102    @aCN@b130000
105    @ay j 000yy
200 10 @a遗传与优生@Ayi chuan yu you sheng@f黄占景主编@Fhuang zhan jing zhu bian
210    @a石家庄@c河北科学技术出版社@d2000
215    @a205页@d26cm
540 1  @a遗传与优生@Ayi chuan yu you sheng
606    @a优生学
606    @a人类遗传学
690    @aR363.1@v4
701  0 @a黄占景@Ahuang zhan jing@4主编
801  0 @aCN@bTSSF@c20070727
905    @a10447@dR363.1@e187
    
    遗传与优生/黄占景主编.-石家庄:河北科学技术出版社,2000
    205页;26cm
    
    
    ISBN 7-5375-2318-5:CNY18.00
    
●
相关链接 在E读中查询图书 在五车中查询图书 在当当中查询图书 在豆瓣中查询图书


正题名:遗传与优生     索取号:R363.1/187         预约/预借

序号 登录号 条形码 馆藏地/架位号 状态 备注
1 0783090   207830908   第二样本阅览室/ [索取号:R363.1/187] 在馆    
欢迎您!
大连网信软件有限公司© 版权所有